How to be a people helper / (Record no. 294)

MARC details
000 -LEADER
fixed length control field 00750nam a2200253 i 4500
001 - CONTROL NUMBER
control field 4597618
003 - CONTROL NUMBER IDENTIFIER
control field GBCCL
005 - DATE AND TIME OF LATEST TRANSACTION
control field 20241126110335.0
008 - FIXED-LENGTH DATA ELEMENTS--GENERAL INFORMATION
fixed length control field 761028s1976 caua b 001 0 eng
010 ## -
-- 76015112
020 ## - INTERNATIONAL STANDARD BOOK NUMBER
International Standard Book Number 0884490556 :
Terms of availability $2.95
040 ## - CATALOGING SOURCE
Original cataloging agency DLC
Transcribing agency DLC
Modifying agency DLC
050 00 -
-- BF637.H4
-- C64
082 00 - DEWEY DECIMAL CLASSIFICATION NUMBER
Classification number 158.3
Item number COL
100 1# - MAIN ENTRY--PERSONAL NAME
Personal name Collins, Gary R.
9 (RLIN) 232
245 10 - TITLE STATEMENT
Title How to be a people helper /
Statement of responsibility, etc. Gary Collins.
260 ## - PUBLICATION, DISTRIBUTION, ETC.
Place of publication, distribution, etc. Santa Ana, Calif. :
Name of publisher, distributor, etc. Vision House Publishers,
Date of publication, distribution, etc. c1976.
300 ## - PHYSICAL DESCRIPTION
Extent 189 p. :
Other physical details ill. ;
Dimensions 21 cm.
504 ## - BIBLIOGRAPHY, ETC. NOTE
Bibliography, etc. note Includes bibliographical references and index.
650 #0 - SUBJECT ADDED ENTRY--TOPICAL TERM
Topical term or geographic name entry element Helping behavior.
9 (RLIN) 233
650 #0 - SUBJECT ADDED ENTRY--TOPICAL TERM
Topical term or geographic name entry element Counseling.
9 (RLIN) 234
906 ## - LOCAL DATA ELEMENT F, LDF (RLIN)
a 7
b cbc
c orignew
d 2
e ocip
f 19
g y-gencatlg
942 ## - ADDED ENTRY ELEMENTS (KOHA)
Source of classification or shelving scheme Dewey Decimal Classification
Koha item type Books
Koha issues (borrowed), all copies 2
Holdings
Withdrawn status Lost status Source of classification or shelving scheme Damaged status Not for loan Home library Current Library Shelving location Date acquired Total checkouts Full call number Barcode Date last seen Date last checked out Copy number Price effective from Koha item type Total renewals
    Dewey Decimal Classification     GRACE BIBLE COLLEGE GRACE BIBLE COLLEGE Philosophy and Religion 2016-10-17 1 158.3 COL 009845 2025-05-01 2023-01-23 c.1 2016-10-17 Books  
    Dewey Decimal Classification     GRACE BIBLE COLLEGE GRACE BIBLE COLLEGE Philosophy and Religion 2016-10-21 1 158.3 COL 009846 2025-05-01 2020-01-01 c.2 2016-10-21 Books 6
© Grace Bible College Library 2025